000 00572nam a22001217a 4500
040 _cRUA
082 _aLMA VIC 2024 B701 Or.1
100 _aVICHET LIZA, វិចិត្រ លីហ្សា
245 _aStudy On Land Changes In Sangkat Cheungaek, Khan DangKor, Phnom Penh, សិក្សាអំពីបម្រែបម្រួលទីផ្សារដីធ្លីសង្កាត់ជើងឯក ខណ្ឌដង្កោ រាជធានីភ្នំពេញ
260 _aPHNOM PENH
_bRUA
_c2024
300 _axii,
_bill,
_c29cm,
942 _cLMA
999 _c25338
_d25338